Economic problems and planning in North East India (Record no. 8507)

MARC details
000 -LEADER
fixed length control field 00585cam a2200217ua 4500
001 - CONTROL NUMBER
control field 9467
005 - DATE AND TIME OF LATEST TRANSACTION
control field 20260515114453.0
008 - FIXED-LENGTH DATA ELEMENTS--GENERAL INFORMATION
fixed length control field 150922n ii |||gr||||Z||||||eng
020 ## - INTERNATIONAL STANDARD BOOK NUMBER
International Standard Book Number 8120707885
040 ## - CATALOGING SOURCE
Transcribing agency MAIN
041 ## - LANGUAGE CODE
Language code of text/sound track or separate title eng
082 ## - DEWEY DECIMAL CLASSIFICATION NUMBER
Classification number 338.95146
245 1# - TITLE STATEMENT
Title Economic problems and planning in North East India
Statement of responsibility, etc. ed. by A.K. Agarwal
260 ## - PUBLICATION, DISTRIBUTION, ETC.
Place of publication, distribution, etc. New Delhi:
Name of publisher, distributor, etc. Sterling.
300 ## - PHYSICAL DESCRIPTION
Extent 588p.
653 ## - INDEX TERM--UNCONTROLLED
Uncontrolled term Production
653 ## - INDEX TERM--UNCONTROLLED
Uncontrolled term Economic problem in North east India
653 ## - INDEX TERM--UNCONTROLLED
Uncontrolled term Economic planning in North East India
700 ## - ADDED ENTRY--PERSONAL NAME
Personal name Agarwal, A.K.,
Relator term Editor.
942 ## - ADDED ENTRY ELEMENTS (KOHA)
Koha item type Books
Holdings
Withdrawn status Lost status Damaged status Not for loan Home library Current library Shelving location Date acquired Total checkouts Full call number Barcode Date last seen Copy number Price effective from Koha item type
        Naharkatiya College Library Naharkatiya College Library General stacks 09/19/2020   338.95416 | ECO 2333 09/19/2020 1 09/19/2020 Books